| 000 | 00577nam a2200181Ia 4500 | ||
|---|---|---|---|
| 999 |
_c14028 _d14028 |
||
| 003 | OSt | ||
| 005 | 20201103130247.0 | ||
| 008 | 190216s9999||||xx |||||||||||||| ||und|| | ||
| 020 | _a0006548091 | ||
| 040 | _coclc | ||
| 082 |
_a813.54 _bDAM/P |
||
| 100 |
_aD`Ambrosio, Charles _96187 |
||
| 245 | 4 |
_aThe Point / _cCharles D' Ambrosio |
|
| 260 |
_bAn Imprint Of Harper Collins Publishers, _c1996. _aLondon: |
||
| 300 | _a245p | ||
| 650 | _aEnglish Stories-English Stories-English Stories-English Stories | ||
| 942 |
_cBK _2ddc _h813.54 _iDAM/P _k813.54 _mDAM/P |
||